Bienvenue à la Médiathèque de Saint-Andiol
banniere
Accueil Recherche avancée Mon compte
handi1 Rechercher dans le catalogue

Filtre   Mots-clés
  Recherche avancée
 
Lister les dernières nouveautés
 
Lister les livres GROS CARACTERES
 
Lister les périodiques (magazines)

handi1 Que choisir [ 639 ]

Book Cover
Titre : Que choisir [ 639 ]
Support : Livres
Langue : Francais
Publié : 2023 Union Fédérale des Consommateurs
Genre : Revues et magazines
Collection : Que Choisir
Sujets :
Étiquettes :
Pas de tags
LEADER 00889nas0a2200253 450
001 16863664
011 |d 5,2 € 
100 |a 20240925d2023 u u0frey01 ba 
101 1 |a fre  |c fre 
102 |a FR 
110 0 |a afu 0uu0 
200 0 |a Que choisir [ 639 ] 
207 1 |a  639 
210 |c Union Fédérale des Consommateurs  |d 2023 
215 |a 66 p.  |c couv. ill. coul. ; ill. coul.  |d 28 cm 
225 1 |a Que Choisir 
464 |a Tests labo: kits solaires, baumes à lèvres, éponges lavables 
464 |a Médicaments périmés:ils restent efficaces 
464 |a Bruit: les effets sur la santé négligés 
464 |a Trop salées, pauvres en fibres, ceci n'est pas une soupe: 40 références testées 
676 |a 070.17 
900 |a Revues et magazines 
901 |a Adultes 
995 |a Médiathèque  |c Médiathèque  |f 089020373  |h 089020373  |k 070.17 QUE 639  |o p  |q a  |r az  |e Médiathèque